000 00865cam a2200301 a 4500
001 37809
003 BD-RjUL
005 20211209052646.0
008 150726s1982 nyua b 001 0 eng
020 _a0023029609
035 _a(BD-RjUL)37914
040 _aDLC
_cDLC
_dDLC
_dBD-RjUL
_beng
041 _aeng
060 _aWM 145 A534p
082 0 0 _a150.287
_219
100 1 _aAnastasi, Anne,
_d1908-2001.
_9117140
245 1 0 _aPsychological testing /
_cAnne Anastasi.
250 _a5th ed.
260 _aNew York :
_bMacmillan ;
_aLondon :
_bCollier Macmillan,
_cc1982.
300 _axiii, 784 p. :
_bill. ;
_c24 cm.
500 _aIncludes indexes.
504 _aBibliography: p. 683-751.
650 0 _aPsychological tests.
_9117141
650 2 _aPsychological tests.
_9117141
942 _2ddc
_cBK
_01
999 _c37809
_d37809